Analysen zum Unterrichtshandeln

Saved in:
Bibliographic Details
Other Authors: Bauersfeld, H.
Format: Book
Language:German
Published: Loln : Aulis Verlag Deubner, 1985
Series:IDM-Reihe. Untersuchungen zum Mathematikunterricht ; ; 5
Subjects:
Tags: Add Tag
No Tags, Be the first to tag this record!

MARC

LEADER 00000nam a2200000 i 4500
001 1/30521
008 941103s1985 ger d
020 |a 3-7614-0661-4 
035 |l 10038590 
040 |a GR-MY-UA  |b gre  |e aacr 
041 0 |a ger 
245 1 0 |a Analysen zum Unterrichtshandeln /  |c authoren Heinrich Bauersfeld...[et al.]. 
260 |a Loln :   |b Aulis Verlag Deubner,   |c 1985 
300 |a xi, 209 p.;  |c 22 cm. 
490 1 |a IDM-Reihe. Untersuchungen zum Mathematikunterricht  |v ; 5 
650 0 0 |a Mathematics  |x Study and teaching. 
650 0 0 |a Mathematics  |x Philosophy. 
700 1 |a Bauersfeld, H. 
830 0 |a IDM-Reihe. Untersuchungen zum Mathematikunterricht ;  |v ; 5 
852 |a INST  |b SAMOS  |e 19941103  |h 511 ANA  |p 005300002887  |q 005300002887  |t BK  |y 0 
901 |a BIBL3-2000-2 
909 |a Σ  |b 008264 
922 |a 3ΕΛΗ  |b 198710  |c ΤΜΗΜΑ ΜΑΘΗΜΑΤΙΚΩΝ  |d GLORY 
970 |z 2000/06/ΠΑΝΤΖΑΛΗ